00568nam a2200157 i 450000100060000000300090000600500170001500700030003200800410003510000330007624501620010926000310027130000210030270000640032385200230038796714ES-MaACL20260127062534.0t|050630s1911 sp ||||1| spa d1 aMaluquer y Salvador, José.10aDiscurso-Resumen del curso de 1910-11 / cleido... por... D. Jose Maluquer y Salvador en la sesion inaugural de 1911-12 celebrada el 22 de Diciembre de 1911. aMadrid : b[s.n.], c1911. a74 p. ; c24 cm. aReal Academia de Jurisprudencia y Legislación de España aES-MaACLj1602-F-1